Revista latinoamericana de estudios educativos /
Revista latinoamericana de estudios educativos es una publicación académica especializada en el campo de las ciencias de la educación, editada por la Universidad Iberoamericana Ciudad de México. Su propósito central es difundir investigaciones científicas que contribuyan al análisis crítico y a la c...
Guardado en:
| 企业作者: | |
|---|---|
| 格式: | 序列 |
| 语言: | 西班牙语 |
| 主题: | |
| 标签: |
没有标签, 成为第一个标记此记录!
|
MARC
| LEADER | 00000nas^a2200000^a^4500 | ||
|---|---|---|---|
| 001 | 000090776 | ||
| 005 | 20260506133354.0 | ||
| 009 | 20260512121922.036 | ||
| 022 | |a 0185-1284 | ||
| 037 | |a Acervo ITESO - Biblioteca | ||
| 041 | |a ESP | ||
| 094 | |a 310 | ||
| 222 | 0 | |a Revista latinoamericana de estudios educativos / | |
| 245 | 0 | 0 | |a Revista latinoamericana de estudios educativos / |
| 264 | |a México : |b Centro de Estudios Educativos, |c 1977- | ||
| 300 | |a volúmenes | ||
| 310 | |a Trimestral | ||
| 336 | |a texto |b txt |2 rdacontenido | ||
| 337 | |a sin mediación |b n |2 rdamedio | ||
| 338 | |a volumen |b nc |2 rdasoporte | ||
| 362 | |a Vol. 7, no. 4 (cuarto trimestre 1977)- | ||
| 520 | |a Revista latinoamericana de estudios educativos es una publicación académica especializada en el campo de las ciencias de la educación, editada por la Universidad Iberoamericana Ciudad de México. Su propósito central es difundir investigaciones científicas que contribuyan al análisis crítico y a la comprensión de los procesos educativos, así como a la reflexión sobre las transformaciones sociales, políticas y culturales vinculadas con la educación en América Latina. Sus contenidos ofrecen elementos de análisis útiles para comprender las dinámicas educativas en contextos diversos y para orientar la toma de decisiones informadas en el diseño, evaluación y mejora de las políticas y prácticas educativas. La revista apuesta por investigaciones que contribuyan a la justicia educativa, la equidad, la inclusión y el derecho a la educación. Está dirigida a investigadores, profesionales de la educación y estudiantes, así como a docentes, técnicos en educación, activistas sociales y tomadores de decisiones en el ámbito de la política pública. En el contexto de una hemeroteca universitaria, la publicación constituye un recurso documental de alto valor para el estudio de la investigación educativa en México y América Latina. La colección impresa de esta revista coleccionada en la hemeroteca de la Biblioteca ITESO incluye desde el volumen 1, números del 1 al 4 (enero-diciembre de 1971) hasta el volumen 54, número 1 (enero-abril de 2024). | ||
| 599 | |a No vigente |b Canje | ||
| 649 | |a XX | ||
| 650 | |a Educación - |x Publicaciones Periódicas Mexicanas - |x Tema Principal | ||
| 650 | |a Publicaciones Periódicas Mexicanas | ||
| 710 | |a Centro de Estudios Educativos | ||
| 910 | |a Fondo General | ||
| 920 | |a Impresos - Publicaciones Periódicas | ||
| 905 | |a 105 | ||
| 902 | |a https://opac.biblio.iteso.mx/vufind/Record/000090776 | ||